Environmental politics in Japan : (Record no. 11694)

000 -LEADER
fixed length control field 00602cam a2200217 a 4500
020 ## - INTERNATIONAL STANDARD BOOK NUMBER
ISBN 0521564247
020 ## - INTERNATIONAL STANDARD BOOK NUMBER
ISBN 9780521564243
020 ## - INTERNATIONAL STANDARD BOOK NUMBER
ISBN 0521665744
020 ## - INTERNATIONAL STANDARD BOOK NUMBER
ISBN 9780521665742
040 ## - CATALOGING SOURCE
Transcribing agency DLC
082 00 - DEWEY DECIMAL CLASSIFICATION NUMBER
Classification number 363 BRO 1998 A016 Or.
100 1# - MAIN ENTRY--AUTHOR NAME
Personal name Broadbent, Jeffrey
245 10 - TITLE STATEMENT
Title Environmental politics in Japan :
Remainder of title networks of power and protest /
300 ## - PHYSICAL DESCRIPTION
Number of Pages xviii, 418 pages :
Other physical details illustrations, maps ;
Dimensions 24 cm
650 #0 - SUBJECT ADDED ENTRY--TOPICAL TERM
Topical Term Environmentalism
650 #0 - SUBJECT ADDED ENTRY--TOPICAL TERM
Topical Term Environmental policy
650 #0 - SUBJECT ADDED ENTRY--TOPICAL TERM
Topical Term Human ecology
650 #4 - SUBJECT ADDED ENTRY--TOPICAL TERM
Topical Term Pol©Ưtica ambiental
650 #4 - SUBJECT ADDED ENTRY--TOPICAL TERM
Topical Term Ecolog©Ưa humana
942 ## - ADDED ENTRY ELEMENTS (KOHA)
Koha item type សៀវភៅភាសាអង់គ្លេស
952 ## - LOCATION AND ITEM INFORMATION (KOHA)
Withdrawn status [LOCAL, KOHA] 0
Holdings
Permanent Location Date acquired Koha item type Lost status Shelving location Barcode Current Location Full call number
Library Block A2017-08-04សៀវភៅភាសាអង់គ្លេស A016A16083Library Block A363 BRO 1998 A016 Or.
មជ្ឈមណ្ឌលឯការនៃសាកលវិទ្យាល័យភូមិន្ទកសិកម្មចំការដូង

Powered by Koha